Memorandum explaning the proposals for adjustments in fares and freight rates for coaching and goods traffic (Record no. 498573)

000 -LEADER
fixed length control field 00449cam a22001097a 4500
008 - FIXED-LENGTH DATA ELEMENTS--GENERAL INFORMATION
fixed length control field 180718b1966 xxu||||| |||| 00| 0 eng d
082 ## - DEWEY DECIMAL CLASSIFICATION NUMBER
Classification number W1234x54 In2
245 ## - TITLE STATEMENT
Title Memorandum explaning the proposals for adjustments in fares and freight rates for coaching and goods traffic
Statement of responsibility, etc. by Ministry of Railways, Railways Board, India
260 ## - PUBLICATION, DISTRIBUTION, ETC.
Place of publication, distribution, etc. New Delhi
Name of publisher, distributor, etc. Government of India Press
Date of publication, distribution, etc. 1966
300 ## - PHYSICAL DESCRIPTION
Extent 10p.
700 ## - ADDED ENTRY--PERSONAL NAME
Personal name India.Railways Board.Ministry of Railways
Holdings
Withdrawn status Lost status Damaged status Not for loan Permanent Location Current Location Date acquired Full call number Barcode Date last seen Price effective from Koha item type
        Indian Institute of Public Administration Indian Institute of Public Administration 2018-08-04 W1234x54 In2 GG5094 2018-08-04 2018-08-04 GG

Powered by Koha